|
|
|
|
| LEADER |
00000cam a2200000 a 4500 |
| 001 |
vtls010487300 |
| 003 |
SK-MaSNL |
| 005 |
20260301033648.0 |
| 008 |
240315s2012 xo e 000 0 hun |
| 015 |
|
|
|a SNBA2013/04
|
| 020 |
|
|
|a 9788081016370
|q (brož.)
|
| 035 |
|
|
|a DB80B85C-30AE-4D83-A61E-82654F396F2B
|
| 035 |
|
|
|a urn:nbn:sk:snk-amjmoy
|
| 035 |
|
|
|a urn:nbn:sk:snk-am001or2
|
| 040 |
|
|
|a SNK
|b slo
|c SNK
|e AACR2
|
| 041 |
0 |
|
|a hun
|
| 044 |
|
|
|a xo
|c SK
|
| 072 |
|
7 |
|a 613
|x Hygiena. Ľudské zdravie
|2 konspekt
|
| 080 |
|
|
|a 613.88
|2 2001
|
| 080 |
|
|
|a 316.423.6-055.2
|2 2001
|
| 080 |
|
|
|a 176.4
|2 2001
|
| 080 |
|
|
|a 176.8
|2 2001
|
| 080 |
|
|
|a 176
|2 2001
|
| 080 |
|
|
|a 613.885
|2 2001
|
| 080 |
|
|
|a (0.062)
|2 2001
|
| 100 |
1 |
|
|a Mérő, Vera
|4 aut
|9 333172
|
| 245 |
1 |
0 |
|a Pornográcia
|b pornó és női szexualitás
|c Mérő Vera
|
| 250 |
|
|
|a 1. kiad.
|
| 260 |
|
|
|a Pozsony
|b Kalligram
|c 2012
|
| 300 |
|
|
|a 217 s.
|c 21 cm
|
| 500 |
|
|
|a Tir. aj slov.
|
| 650 |
0 |
7 |
|a sexualita
|2 SNKPH
|9 1946
|
| 650 |
0 |
7 |
|a ženská emancipácia
|2 SNKPH
|9 69939
|
| 650 |
0 |
7 |
|a sexuálne správanie
|2 SNKPH
|9 71363
|
| 650 |
0 |
7 |
|a sexuálne deviácie
|2 SNKPH
|9 83274
|
| 650 |
0 |
7 |
|a pornografia
|2 SNKPH
|9 2678
|
| 650 |
0 |
7 |
|a sexuálna morálka
|2 SNKPH
|9 68875
|
| 650 |
0 |
7 |
|a sexuálna orientácia
|2 SNKPH
|9 67140
|
| 650 |
0 |
7 |
|a Sexuality
|2 SNKPHeng
|9 291144
|
| 650 |
0 |
7 |
|a Emancipation of women
|2 SNKPHeng
|9 302211
|
| 650 |
0 |
7 |
|a Sexual behavior
|2 SNKPHeng
|9 332669
|
| 650 |
0 |
7 |
|a Sexual deviation
|2 SNKPHeng
|9 333173
|
| 650 |
0 |
7 |
|a pornography
|2 SNKPHeng
|9 333174
|
| 650 |
0 |
7 |
|a Sexual morality
|2 SNKPHeng
|9 108973
|
| 650 |
0 |
7 |
|a Sexual orientation
|2 SNKPHeng
|9 331883
|
| 655 |
|
7 |
|a populárno-náučné publikácie
|2 SNKPH
|9 70460
|
| 655 |
|
7 |
|a Popular works
|2 SNKPHeng
|9 90287
|
| 752 |
|
|
|a Slovensko
|d Bratislava
|
| 852 |
|
|
|a Štátna vedecká knižnica v Banskej Bystrici
|
| 919 |
|
|
|a 978-80-8101-637-0
|
| 958 |
|
|
|a HU
|
| 958 |
|
|
|a NM
|
| 999 |
|
|
|c 580456
|d 582386
|
| 952 |
|
|
|a SNK
|b SNK
|y PREZ
|7 0
|p 17A1064832
|o snkSC 153534
|i snk2013/5891
|8 0
|0 0
|1 0
|4 0
|d 2013-03-13
|l 0
|r 2025-07-23 00:00:00
|w 2026-02-23
|
| 952 |
|
|
|a SNK
|b SNK
|y VYP
|7 0
|p 17A1064892
|o snkSC 153534 D1
|i snk2013/5893
|8 0
|0 0
|1 0
|4 0
|d 2013-03-13
|f 1
|l 0
|r 2026-02-23 14:48:50
|w 2026-02-23
|